000 00697nam a2200217 a 4500
001 000040912
005 20201002034454.0
008 130911s1998 pr a 000 0 spa d
020 _a094023825X
040 _aDO-SdBNP
_bspa
_cBNPHU
082 _axxxx
_bxxxx
100 1 _aPicó, Fernando
_916158
245 1 0 _aMil ochocientos noventa y ocho :
_bLa Guerra después de la guerra /
_cFernando Picó.
250 _a2a ed.
260 _aRío Piedras, Puerto Rico :
_bHuracán,
_c1998.
300 _a215 p. :
_bil. ;
_c19 cms.
490 1 _aSemilla
504 _aIncluye referencias bibliogáficas y notas al pie de las páginas
504 _aBibliografías : p. 208-215
830 0 _aSemilla
_967344
999 _c40402
_d40402